[Event "Challenge"]
[Site "http://www.queenalice.com/game.php?id=646371"]
[Date "2009.9.2"]
[Round "-"]
[White "EliasOliveiraJr"]
[Black "Kuroi"]
[Result "1-0"]
[WhiteElo "1738"]
[BlackElo "1674"]

1. e4 e5 2. Nf3 Nf6 3. Nc3 Nc6 4. Bc4 h6 5. d4 d6 6. d5 Nd4 7. Nxd4 exd4 8. Qxd4
Be7 9. Bb5+ Bd7 10. Bxd7+ Qxd7 11. Bf4 c5 12. Qd3 Qg4 13. Bg3 O-O 14. f3 Qd7 15.
O-O a5 16. a3 Bd8 17. e5 dxe5 18. Bxe5 Ra6 19. Rad1 Bb6 20. Kh1 Bd8 21. Ne4 Nxe4
22. fxe4 Qg4 23. Rf3 Rg6 24. Rg3 c4 25. Qd4 Bb6 26. Rxg4 Bxd4 27. Rxg6 fxg6 28.
Bxd4 b5 29. Kg1 Re8 30. e5 b4 31. axb4 axb4 32. d6 Rd8 33. Bb6 Rb8 34. d7 Rxb6
35. d8=Q+ 1-0

[Event "Challenge"]
[Site "http://www.queenalice.com/game.php?id=646436"]
[Date "2009.9.3"]
[Round "-"]
[White "montelo"]
[Black "EliasOliveiraJr"]
[Result "0-1"]
[WhiteElo "1870"]
[BlackElo "1557"]

1. e4 e5 2. Qh5 Nc6 3. Bb5 d6 4. Bc4 g6 5. Qf3 Nd4 6. Qc3 Nf6 7. f4 Nxe4 8. Qd3
Bf5 9. fxe5 dxe5 10. Bb3 Qh4+ 11. g3 Nxg3 12. Qxg3 Qe4+ 13. Qe3 Qxe3+ 14. dxe3
Nxc2+ 15. Bxc2 Bxc2 16. Nc3 Bb4 17. Bd2 O-O 18. a3 Bxc3 19. Bxc3 Be4 20. Nf3
Bxf3 21. Rf1 Bh5 22. Bxe5 Rae8 23. Bd4 b6 24. Kf2 c5 25. Be5 Rxe5 26. Rad1 Bxd1
27. Rxd1 f5 28. Kf3 Rfe8 29. Rd3 g5 30. h3 h5 31. b3 Kf7 32. b4 cxb4 33. axb4
Rxe3+ 34. Rxe3 Rxe3+ 35. Kxe3 Ke6 36. Kf3 a5 37. bxa5 bxa5 0-1

[Event "Challenge"]
[Site "http://www.queenalice.com/game.php?id=646437"]
[Date "2009.9.3"]
[Round "-"]
[White "EliasOliveiraJr"]
[Black "montelo"]
[Result "1-0"]
[WhiteElo "1492"]
[BlackElo "1866"]

1. d4 c6 2. c4 e6 3. Nc3 Nf6 4. Bg5 Bb4 5. Qc2 h6 6. Bxf6 Qxf6 7. Nf3 c5 8. e3
d5 9. cxd5 exd5 10. Bd3 c4 11. Be2 Bf5 12. Qa4+ Nc6 13. O-O Qg6 14. Nxd5 O-O 15.
Nxb4 Bh3 16. Nh4 Qg5 17. Bf3 Nxb4 18. Qxb4 Qxh4 19. gxh3 Qxh3 20. Bg2 Qg4 21.
Qxc4 h5 22. Kh1 Rac8 23. Qd3 h4 24. Rg1 Qd7 25. d5 Qd6 26. Qd4 Rc2 27. Be4 Rxf2
28. Qxg7# 1-0

[Event "AUTO-INT-1435"]
[Site "http://www.queenalice.com/game.php?id=646881"]
[Date "2009.9.3"]
[Round "1"]
[White "giulaubar"]
[Black "EliasOliveiraJr"]
[Result "1-0"]
[WhiteElo "1378"]
[BlackElo "1605"]

1. e4 e5 2. Nf3 Nf6 3. Nc3 d6 4. Bc4 c6 5. d3 Bg4 6. h3 Bxf3 7. Qxf3 Be7 8. Bg5
Nbd7 9. O-O O-O 10. Rad1 b5 11. Bb3 a5 12. a3 Nc5 13. Ba2 b4 14. Ne2 Nfd7 15.
Bxe7 Qxe7 16. axb4 axb4 17. Bc4 Na4 18. b3 Nb2 19. Ra1 Nxc4 20. bxc4 Qg5 21.
Rxa8 Rxa8 22. Rb1 1-0

[Event "AUTO-INT-1435"]
[Site "http://www.queenalice.com/game.php?id=646882"]
[Date "2009.9.3"]
[Round "1"]
[White "EliasOliveiraJr"]
[Black "giulaubar"]
[Result "0-1"]
[WhiteElo "1632"]
[BlackElo "1351"]

1. d4 Nf6 2. c4 e6 3. Nc3 Bb4 4. Nf3 b6 5. Bd2 Bb7 6. e3 O-O 7. Bd3 Nc6 8. O-O
a5 9. a3 Be7 10. Qc2 h6 11. Ne4 Nxe4 12. Bxe4 d6 13. b4 axb4 14. axb4 Rxa1 15.
Rxa1 d5 16. Bd3 Nxb4 17. Bxb4 Bxb4 18. cxd5 Bxd5 19. e4 Bb7 20. Ra7 Qb8 21. Ra1
c5 22. dxc5 Bxc5 0-1

[Event "AUTO-INT-1435"]
[Site "http://www.queenalice.com/game.php?id=646893"]
[Date "2009.9.3"]
[Round "1"]
[White "rito"]
[Black "EliasOliveiraJr"]
[Result "1-0"]
[WhiteElo "1330"]
[BlackElo "1719"]

1. e4 e6 2. d4 d5 3. Nc3 Bb4 4. a3 Bxc3+ 5. bxc3 Nf6 6. Bb5+ Bd7 7. Be2 Nxe4 8.
Qd3 a6 9. f3 Bb5 10. Qe3 Nd6 11. a4 Bxe2 12. Nxe2 Nd7 13. h4 c5 14. dxc5 Nf5 15.
Qf4 1-0

[Event "AUTO-INT-1435"]
[Site "http://www.queenalice.com/game.php?id=646894"]
[Date "2009.9.3"]
[Round "1"]
[White "EliasOliveiraJr"]
[Black "rito"]
[Result "0-1"]
[WhiteElo "1749"]
[BlackElo "1300"]

1. d4 d5 2. Bf4 Nc6 3. Nf3 Bg4 4. e3 Nf6 5. Bb5 Qd7 6. O-O a5 7. Nc3 h5 8. Na4
Qf5 9. Bxc6+ bxc6 10. Bxc7 g6 0-1

[Event "Challenge"]
[Site "http://www.queenalice.com/game.php?id=647090"]
[Date "2009.9.4"]
[Round "-"]
[White "montelo"]
[Black "EliasOliveiraJr"]
[Result "0-1"]
[WhiteElo "1870"]
[BlackElo "1643"]

1. e4 c5 2. Nf3 d6 3. c3 Bg4 4. Qb3 Qc7 5. Ng5 e6 6. g3 Nf6 7. Bg2 Nc6 8. Qa4 h6
9. Nf3 Be7 10. e5 dxe5 11. h3 Bxf3 12. Bxf3 e4 13. Bxe4 Nxe4 14. Qxe4 O-O 15. d3
Rad8 16. Qg4 Ne5 17. Qe4 Nxd3+ 18. Kd2 Nxf2+ 0-1

[Event "Challenge"]
[Site "http://www.queenalice.com/game.php?id=647091"]
[Date "2009.9.4"]
[Round "-"]
[White "EliasOliveiraJr"]
[Black "montelo"]
[Result "1-0"]
[WhiteElo "1708"]
[BlackElo "1870"]

1. e4 e5 2. Nf3 Nf6 3. Nc3 Nc6 4. Bb5 Bc5 5. O-O Ng4 6. h3 Nxf2 7. Rxf2 Bxf2+ 8.
Kxf2 d6 9. d4 Bd7 10. dxe5 dxe5 11. Bxc6 Bxc6 12. Qxd8+ Kxd8 13. Nxe5 Be8 14.
Be3 f6 15. Nc4 Bf7 16. Na5 b6 17. Nc6+ Ke8 18. e5 Kd7 19. Nd4 fxe5 20. Nf5 Rhg8
21. Rd1+ Ke8 22. Nb5 Kf8 23. Rd7 c6 24. Rxa7 Rxa7 25. Nxa7 Bxa2 26. Nxc6 g6 27.
Nd6 Rg7 28. Bh6 Bd5 29. Bxg7+ Kxg7 30. Nxe5 Kf6 31. Nf3 Bxf3 32. gxf3 Ke6 33.
Ne4 h5 34. Ke3 Kd5 35. Kd3 b5 36. Kc3 Kc6 37. Kb4 Kb6 38. b3 Kc6 39. c4 bxc4 40.
bxc4 Kb6 41. c5+ Kc6 42. Nf6 h4 43. Ne4 Kd5 44. Kb5 Ke5 45. c6 Kf4 46. c7 Kxf3
47. Ng5+ Kf4 48. Ne6+ Kg3 49. c8=Q Kxh3 50. Nf4+ Kg3 51. Nxg6 h3 52. Qc7+ Kg4
53. Kc4 Kg5 54. Qh2 Kxg6 55. Qxh3 Kf6 56. Kd5 Ke7 57. Qe6+ Kf8 58. Qd7 Kg8 59.
Ke6 Kh8 60. Kf6 Kg8 61. Qg7# 1-0

[Event "______¹²³______"]
[Site "http://www.queenalice.com/game.php?id=647552"]
[Date "2009.9.5"]
[Round "-"]
[White "EliasOliveiraJr"]
[Black "pgierech"]
[Result "0-1"]
[WhiteElo "1635"]
[BlackElo "1962"]

1. e4 d5 2. e5 Bf5 3. d4 e6 4. Bd3 Ne7 5. Nf3 Bxd3 6. Qxd3 Nf5 7. Nc3 c6 8. a3
Nd7 9. b4 a5 10. bxa5 Rxa5 11. O-O c5 12. dxc5 Bxc5 13. Nb5 O-O 14. Bd2 Ra8 15.
Bb4 Qe7 16. Bxc5 Qxc5 17. h3 Rfc8 0-1

[Event "Challenge"]
[Site "http://www.queenalice.com/game.php?id=649598"]
[Date "2009.9.9"]
[Round "-"]
[White "montelo"]
[Black "EliasOliveiraJr"]
[Result "1/2-1/2"]
[WhiteElo "1874"]
[BlackElo "1752"]

1. e4 c5 2. Nf3 d6 3. h3 Nf6 4. e5 dxe5 5. Nxe5 Qd5 6. Nc4 e6 7. Nc3 Qd8 8. d3
Be7 9. Ne4 Nxe4 10. dxe4 Qxd1+ 11. Kxd1 b6 12. Bf4 Bb7 13. Bxb8 Rxb8 14. f3 O-O
15. Ne5 Bf6 16. Nd3 Bg5 17. Ne5 Rfd8+ 18. Bd3 Ba6 19. Nc6 Bxd3 20. Nxd8 Rxd8 21.
cxd3 Rxd3+ 22. Kc2 Rd2+ 23. Kc3 Rxg2 24. Rad1 Bf6+ 25. Kc4 Rxb2 26. e5 Be7 27.
Rd7 Bh4 28. Rxa7 Kf8 29. Rd1 g6 30. Rdd7 Rb4+ 31. Kc3 Rf4 32. Rd3 Rf5 33. Rb7
Rxe5 34. Rxb6 Bf6 35. Kc4 Rh5 36. f4 Rh4 37. Kxc5 Rxf4 38. Kb5 Rf2 39. a4 Rb2+
40. Kc6 Rxb6+ 41. Kxb6 Bh4 42. a5 f5 43. a6 Kf7 44. a7 Bf2+ 45. Kb7 Bxa7 46.
Kxa7 h5 47. Kb6 Kf6 48. Kc5 g5 49. Kd4 e5+ 50. Ke3 Ke6 51. Kf2 f4 52. Kf3 Kf5
53. Rd5 g4+ 54. hxg4+ hxg4+ 55. Kf2 Ke4 56. Rd2 Kf5 57. Rd5 Ke4 58. Rd2 Kf5 59.
Rd5 1/2-1/2

[Event "Challenge"]
[Site "http://www.queenalice.com/game.php?id=649599"]
[Date "2009.9.9"]
[Round "-"]
[White "EliasOliveiraJr"]
[Black "montelo"]
[Result "1-0"]
[WhiteElo "1757"]
[BlackElo "1874"]

1. d4 c6 2. e4 d5 3. Nc3 dxe4 4. Nxe4 g6 5. Nf3 Bg7 6. c3 Bf5 7. Bd3 Bxe4 8.
Bxe4 Nf6 9. Bc2 Nbd7 10. O-O O-O 11. Re1 Qc7 12. Ne5 Nxe5 13. dxe5 Nd5 14. c4
Nb4 15. f4 Rad8 16. Qe2 e6 17. Be3 b6 18. Ba4 Nd3 19. Rad1 Nxe1 20. Qxe1 Rxd1
21. Qxd1 Rd8 22. Qf3 Rd3 23. Qe4 Rd8 24. Bxc6 Qe7 25. a3 Qh4 26. g3 Qh3 27. Qf3
Rd3 28. Ba4 Bf8 29. Bc2 Rd7 30. b4 Rc7 31. Qe4 b5 32. cxb5 Qf5 33. Qxf5 gxf5 34.
Bd1 Rc3 35. Bxa7 Rxa3 36. Bc5 Ra1 37. b6 Rxd1+ 38. Kf2 Rd7 39. Ke3 Rb7 40. Kd4
Be7 41. Kc4 Kf8 42. Kb5 Ke8 43. Kc6 Rb8 44. Kc7 Rd8 45. Bxe7 Kxe7 46. b7 Rd7+
47. Kc8 Rxb7 48. Kxb7 Kd7 49. b5 Kd8 50. b6 Kd7 51. Kb8 Kc6 52. b7 Kb6 53. Ka8
1-0

[Event "Challenge"]
[Site "http://www.queenalice.com/game.php?id=650417"]
[Date "2009.9.11"]
[Round "-"]
[White "macielxadrez"]
[Black "EliasOliveiraJr"]
[Result "1-0"]
[WhiteElo "1979"]
[BlackElo "1763"]

1. d4 Nf6 2. Nf3 e6 3. g3 d5 4. Bg2 Nbd7 5. O-O Be7 6. c4 c5 7. cxd5 exd5 8. Nc3
cxd4 9. Nxd4 Ne5 10. Ndb5 Be6 11. Bf4 1-0

[Event "Challenge"]
[Site "http://www.queenalice.com/game.php?id=650418"]
[Date "2009.9.11"]
[Round "-"]
[White "EliasOliveiraJr"]
[Black "macielxadrez"]
[Result "0-1"]
[WhiteElo "1756"]
[BlackElo "1986"]

1. d4 g6 2. g3 Bg7 3. Bg2 d5 4. Nf3 Nf6 5. Nc3 O-O 6. O-O Bf5 7. Nh4 Be6 8. Nf3
c6 9. Bf4 Nbd7 10. Re1 Nb6 0-1

[Event "Challenge"]
[Site "http://www.queenalice.com/game.php?id=650422"]
[Date "2009.9.11"]
[Round "-"]
[White "EliasOliveiraJr"]
[Black "dahora"]
[Result "0-1"]
[WhiteElo "1755"]
[BlackElo "2093"]

1. d4 e6 2. e4 d5 3. Nd2 Nf6 4. e5 Nfd7 5. Ngf3 c5 6. c3 Nc6 7. Be2 cxd4 8. cxd4
Qb6 9. Nb3 a5 10. Bd2 a4 11. Nc5 Nxc5 12. dxc5 Bxc5 13. O-O Qc7 14. Bb5 a3 15.
b3 O-O 16. Qc2 Nxe5 17. Ne1 Ng4 0-1

[Event "Challenge"]
[Site "http://www.queenalice.com/game.php?id=650794"]
[Date "2009.9.11"]
[Round "-"]
[White "EliasOliveiraJr"]
[Black "Canaye"]
[Result "0-1"]
[WhiteElo "1779"]
[BlackElo "1970"]

1. d4 e6 2. Nf3 d5 3. e3 c5 4. c4 cxd4 5. exd4 Bb4+ 6. Bd2 Bxd2+ 7. Qxd2 Ne7 8.
Nc3 Nbc6 9. Bd3 a6 10. a3 h6 11. O-O O-O 12. Bc2 dxc4 13. Ne4 b5 14. Rad1 Nd5
0-1

[Event "Challenge"]
[Site "http://www.queenalice.com/game.php?id=650795"]
[Date "2009.9.11"]
[Round "-"]
[White "Canaye"]
[Black "EliasOliveiraJr"]
[Result "1-0"]
[WhiteElo "1978"]
[BlackElo "1771"]

1. d4 Nf6 2. c4 g6 3. Nc3 Bg7 4. e4 d6 5. f3 e5 6. dxe5 dxe5 7. Qxd8+ Kxd8 8.
Bg5 c6 9. O-O-O+ Bd7 10. Rd6 Ke7 11. Rd2 Rd8 12. Nge2 Kf8 13. f4 exf4 14. e5 Ng4
15. Bxd8 1-0